000 00783nam a2200217 i 4500
001 141708
003 ES-MaACL
005 20250906063117.0
007 t|
008 171107s1977 sp ||||1| spa d
100 1 _aGarrido Falla, Fernando,
_d1921-2003
_955700
245 1 0 _aTratado de derecho administrativo.
_nVolumen II,
_pParte general: conclusión /
_cFernando Garrido Falla.
250 _a2ª reimpresion de la quinta edición de 1974.
260 _aMadrid :
_bInstituto de Estudios Políticos,
_c1977.
300 _a593 p. ;
_c21 cm.
490 1 _aEstudios de administración ;
_v22
650 7 _aDerecho administrativo-
_zEspaña
_2
_9145992
830 0 _aEstudios de administración ;
_v22
_9183321
852 _aES-MaACL
_jG-6882
999 _c141708
_d141708